Cambios generacionales en la cocina tradicional del Ecuador (Registro nro. 424733)
[ vista simple ]
| 001 - NÚMERO DE CONTROL | |
|---|---|
| campo de control | 1033973 |
| 005 - FECHA Y HORA DE LA ÚLTIMA TRANSACCIÓN | |
| campo de control | 20240202082407.0 |
| 008 - DATOS DE LONGITUD FIJA--INFORMACIÓN GENERAL | |
| campo de control de longitud fija | 070620s2005 spa |
| 035 ## - NÚMERO DE CONTROL DEL SISTEMA | |
| Número de control de sistema | 1033973 |
| 040 ## - FUENTE DE LA CATALOGACIÓN | |
| Centro/agencia transcriptor | comduadb |
| 041 ## - CÓDIGO DE LENGUA | |
| Código de lengua del texto/banda sonora o título independiente | spa |
| 100 10 - ENTRADA PRINCIPAL--NOMBRE DE PERSONA | |
| Nombre de persona | Pasos, Julio |
| Código de función | aut |
| Término indicativo de función/relación | Autor/a |
| 9 (RLIN) | 437367 |
| 245 10 - MENCIÓN DE TÍTULO | |
| Título | Cambios generacionales en la cocina tradicional del Ecuador |
| 300 ## - DESCRIPCIÓN FÍSICA | |
| Extensión | p.343-347 |
| 650 ## - PUNTO DE ACCESO ADICIONAL DE MATERIA--TÉRMINO DE MATERIA | |
| Término de materia o nombre geográfico como elemento de entrada | Cambio cultural - Ecuador |
| 9 (RLIN) | 161780 |
| 650 ## - PUNTO DE ACCESO ADICIONAL DE MATERIA--TÉRMINO DE MATERIA | |
| Término de materia o nombre geográfico como elemento de entrada | Cambio generacional |
| 9 (RLIN) | 138784 |
| 650 ## - PUNTO DE ACCESO ADICIONAL DE MATERIA--TÉRMINO DE MATERIA | |
| Término de materia o nombre geográfico como elemento de entrada | Cocina tradicional |
| 9 (RLIN) | 176956 |
| 650 ## - PUNTO DE ACCESO ADICIONAL DE MATERIA--TÉRMINO DE MATERIA | |
| Término de materia o nombre geográfico como elemento de entrada | Gastronomía y cultura |
| 9 (RLIN) | 106447 |
| 773 0# - ENLACE AL DOCUMENTO FUENTE/ENTRADA DE REGISTRO ANFITRIÓN | |
| Título | Generaciones : transmision y re-creacion de las culturas tradicionales : memorias |
| Número de control del registro | 960813 |
| Número Internacional Estándar del Libro | 9583383821 |
| Número de control del registro | (OCoLC)777915466 |
| Número bibliográfico anfitrión | 377070 |
| 942 ## - ELEMENTOS DE ENTRADA AGREGADA (KOHA) | |
| Tipo de ítem Koha | Capítulo de Libro |
| Suprimir en OPAC | No |
No hay ítems disponibles.